• 首页
  • 本馆介绍
  • 公告通知
  • 最新文献
  • 馆藏检索
  • 电子资源
  • 读者导购
  • 参考咨询
  • 我的图书馆
  • 登录
  • 详细信息显示
  • 放入我的书架
  • 预约/预借图书
  • 作者相关作品
  • 分类相关作品
  • 丛书相关作品
  • 出版社相关作品

书目信息

  • 表格格式
  • 工作单格式
  • 卡片格式
题名:
电磁固体结构力学
    
 
作者: 周又和 , 郑晓静 著
分册:  
出版信息: 北京   科学出版社  1999
页数: 230页
开本: 20cm
丛书名:
单 册:
中图分类: TM15
科图分类:
主题词: 电磁场--理论--应用
电子资源:
ISBN: 7-03-007539-0
000 00595nam0 2200205 45
001 0309211592
005 20061123102506.42
010    @a7-03-007539-0@b精装@dCNY22.00
100    @a20030921d1999 km y0chiy0120 ea
101 0  @achi
105    @a z 000yy
200 1  @a电磁固体结构力学@ADian Ci Gu Ti Jie Gou Li Xue@f周又和,郑晓静著@FZhou You He,Zheng Xiao Jing Zhu
210    @a北京@c科学出版社@d1999
215    @a230页@d20cm
606 0  @a电磁场@x理论@x应用
690    @aTM15@v4
701    @a周又和@4著
701  0 @a郑晓静@4著
801    @aCN@bTSTC@c20061123
905    @b325732-734@dTM15@e4@f3
    
    电磁固体结构力学/周又和,郑晓静著.-北京:科学出版社,1999
    230页;20cm
    
    
    ISBN 7-03-007539-0(精装):CNY22.00
    
●
相关链接 在E读中查询图书 在五车中查询图书 在当当中查询图书 在豆瓣中查询图书


正题名:电磁固体结构力学     索取号:TM15/4         预约/预借

序号 登录号 条形码 馆藏地/架位号 状态 备注
1 0325732   203257322   第三借阅区/ [索取号:TM15/4] 在馆    
2 0325733   203257331   第三借阅区/ [索取号:TM15/4] 在馆    
3 0325734   203257340   第二样本阅览室/ [索取号:TM15/4] 在馆    
唐山师范学院图书馆 欢迎您!
大连网信软件有限公司© 版权所有